Azalai.

In the North of Mali, the Kounta nomads still travel across the desert to reach the salt mines of southern Algeria. For 40 days, they will walk 1500 km to get 6 tonnes of "white gold" from the Taoudenni mines. This great salt odyssey is called Azalai.

Bibliographic Details
Corporate Author: Zed (Firm : France)
Other Authors: Banday, Paul (Narrator), Bugaud, Thierry (Director)
Format: Video
Language:English
Language Notes:This edition in English.
Published: Paris : ZED, 2006.
Series:Ethnographic video online ; volume 1
Subjects:
Online Access:Connect to this streaming video (Alexander Street Press)

MARC

Tag First Indicator Second Indicator Subfields
LEADER 00000cgm a2200000Ma 4500
001 in00005543213
006 m o c
007 vz |zazu|
007 cr |||||||||||
008 130227s2006 fr 051 g o vueng d
005 20241201230042.5
035 |a (OCoLC)ocn849667370 
040 |a ALSTP  |b eng  |e pn  |c ALSTP  |d OCLCO  |d OCLCQ  |d COO  |d OCLCO  |d CUS  |d OCLCO  |d OCLCF  |d U3G  |d EUW  |d OCLCO  |d OCL  |d OCLCQ  |d OCLCO  |d OCLCQ  |d NRC  |d OCLCQ  |d CSF  |d EZ9  |d IGB  |d OCLCA  |d INT  |d OCLCQ  |d WYU  |d YOU  |d TKN  |d OCLCQ  |d ORU  |d AU@  |d SFB  |d OCLCO  |d OCLCQ  |d OCLCL  |d MNU  |d OCLCO 
019 |a 908386758  |a 1085198821  |a 1125921869  |a 1144207091 
035 |a (OCoLC)849667370  |z (OCoLC)908386758  |z (OCoLC)1085198821  |z (OCoLC)1125921869  |z (OCoLC)1144207091 
041 1 |a eng  |h fre  |p eng 
043 |a f-ml--- 
046 |k 2006 
050 4 |a GN303 
082 0 4 |a 301  |q OCoLC  |2 23/eng/20230216 
049 |a TXAM 
245 0 0 |a Azalai. 
257 |a France  |2 naf 
264 1 |a Paris :  |b ZED,  |c 2006. 
300 |a 1 online resource (51 min.). 
306 |a 005106 
336 |a two-dimensional moving image  |b tdi  |2 rdacontent 
337 |a computer  |b c  |2 rdamedia 
338 |a online resource  |b cr  |2 rdacarrier 
341 0 |a auditory  |b captions  |2 sapdv 
347 |a data file  |2 rda 
490 0 |a Ethnographic video online ;  |v volume 1 
532 1 |a Closed captioning in English 
500 |a Title from resource description page (viewed Feb. 27, 2013). 
520 |a In the North of Mali, the Kounta nomads still travel across the desert to reach the salt mines of southern Algeria. For 40 days, they will walk 1500 km to get 6 tonnes of "white gold" from the Taoudenni mines. This great salt odyssey is called Azalai. 
546 |a This edition in English. 
650 0 |a Nomads  |z Mali. 
650 0 |a Voyages and travels. 
650 0 |a Salt industry and trade. 
650 6 |a Nomades  |z Mali. 
650 6 |a Voyages. 
650 6 |a Sel  |x Industrie. 
650 7 |a Nomads  |2 fast 
650 7 |a Salt industry and trade  |2 fast 
650 7 |a Voyages and travels  |2 fast 
651 7 |a Mali  |2 fast  |1 https://id.oclc.org/worldcat/entity/E39PBJcGpPR999M63hKFPMCmh3 
655 2 |a Documentaries and Factual Films 
655 4 |a Encoded moving images. 
655 7 |a documentary film.  |2 aat 
655 7 |a Documentary films  |2 fast 
655 7 |a Nonfiction films  |2 fast 
655 7 |a Video recordings for the hearing impaired.  |2 lcgft 
655 7 |a Documentary films.  |2 lcgft 
655 7 |a Nonfiction films.  |2 lcgft 
655 7 |a Documentaires.  |2 rvmgf 
655 7 |a Films autres que de fiction.  |2 rvmgf 
655 7 |a Vidéos pour personnes handicapées auditives.  |2 rvmgf 
700 1 |a Banday, Paul,  |e narrator. 
700 1 |a Bugaud, Thierry,  |e director. 
710 2 |a Zed (Firm : France) 
856 4 0 |u http://proxy.library.tamu.edu/login?url=https://www.aspresolver.com/aspresolver.asp?AVN2;1870867  |z Connect to this streaming video (Alexander Street Press)  |t 0 
955 |a Alexander Street Press subscription streaming video 
994 |a 92  |b TXA 
999 f f |s 54d53f1f-5a4b-4075-90c9-61096d354c54  |i 648084be-fb85-4163-8aa0-09ad53d46826  |t 0 
952 f f |a Texas A&M University  |b College Station  |c Electronic Resources  |d Available Online  |t 0  |e GN303   |h Library of Congress classification 
998 f f |a GN303   |t 0  |l Available Online